5HLuxD.jpg

KING HENRY VIII SENIOR AND PRIMARY SCHOOL LIBRARY OPAC

EASY STEPS TO CHINESE EDITION 2 (Record no. 5228)

000 -LEADER
fixed length control field 00398nam a22001217a 4500
008 - FIXED-LENGTH DATA ELEMENTS--GENERAL INFORMATION
fixed length control field 250827b ||||| |||| 00| 0 eng d
020 ## - INTERNATIONAL STANDARD BOOK NUMBER
International Standard Book Number 9787561955970
082 ## - DEWEY DECIMAL CLASSIFICATION NUMBER
Classification number 495.183 MA
100 ## - MAIN ENTRY--PERSONAL NAME
Personal name MA,YAMIN
Relator term AUTHOR
Language of a work MANDARIN
245 ## - TITLE STATEMENT
Title EASY STEPS TO CHINESE EDITION 2
260 ## - PUBLICATION, DISTRIBUTION, ETC.
Place of publication, distribution, etc. NO.15 XUEYUAN ROAD,HAIDIAN DISTRICT,BEIJING, CHINA 100083
Name of publisher, distributor, etc. BEIJING LANGUAGE&CULTURE UNIVERSITY PRESS
Date of publication, distribution, etc. 2022
942 ## - ADDED ENTRY ELEMENTS (KOHA)
Source of classification or shelving scheme
Holdings
Withdrawn status Lost status Source of classification or shelving scheme Damaged status Not for loan Collection code Permanent Location Current Location Shelving location Date acquired Full call number Barcode Date last seen Price effective from Koha item type Public note
          Teaching Resources KH8 Primary School Library KH8 Primary School Library Staff Office 2025-08-27 495.183 MA KHPL000008003 2025-08-27 2025-08-27 Teaching Resources KH8 MANDARIN PRIMARY
          Teaching Resources KH8 Primary School Library KH8 Primary School Library Staff Office 2025-08-27 495.183 MA KHPL000008004 2025-08-27 2025-08-27 Teaching Resources KH8 MANDARIN PRIMARY

Powered By KH8 IT Dept